| 000 | 00965cam a22001934a 4500 | ||
|---|---|---|---|
| 005 | 20250605163316.0 | ||
| 008 | 250528s ||||||||||||||||||||||||d | ||
| 035 | _a16553 | ||
| 020 | _a620136227 | ||
| 040 |
_aGR-AtMCL _bgre _dGR-AtMCL _eAACR2 |
||
| 245 | 1 | _aSouthern Africa / Crucible for Co-Operation; Sharing a Subcontinent | |
| 260 |
_bRidgeback Publishers, _c1989 |
||
| 300 | _a188 | ||
| 505 | 0 | _aArchitecture, Energy, Water, Mineral Treasurehouse, Art Beauty, Living Better, Health, Trophy Hunting, Communicating, Transporting, Small Business, Financing Infrastructure, Civil Engineering, Helping Black Business, Mind-Set, Technology, Index. | |
| 520 | _aArchitecture, Energy, Water, Mineral Treasurehouse, Art Beauty, Living Better, Health, Trophy Hunting, Communicating, Transporting, Small Business, Financing Infrastructure, Civil Engineering, Helping Black Business, Mind-Set, Technology, Index. | ||
| 942 | _cBK | ||
| 999 |
_c2045 _d2045 |
||